00585nam a22001457a 4500082001800000100003700018245012800055260004500183300002400228526003700252650001200289942001200301999001900313952010700332 a625.8bSTAcD aNational Research Council926742 aState of the art: Rigid pavement design research on skid resistance pavement condition evalutioncNational Research Council aWashingtonbHighway research boardc1968 a68 p.bill.c23 cm. a0b0c0d625_800000000000000_STA aD96527 2ddccBK c547769d547769 00102ddc4070aMCEbMCEd2014-08-05l1o625.8 STApMCE-43322r2016-03-01s2016-01-29w2014-08-05yBK